Дело о ремонте здания Горбатовского городского училища Нижегородской губернии

Доступно только в Электронных читальных залах Найти на картеНа карте
RUSMARC
00003672nmc2a22002413x 450
001b741abfa-d4ae-4cba-b325-e81f19e6103e
00520201102135701.0
100##$a20200325l19121912k l0rusy0189 ca
1010#$arus
102##$aRU
105##$ay###
1222#$ad
2001#$aДело о ремонте здания Горбатовского городского училища Нижегородской губернии
$j8 августа - 26 октября 1912 г.
215##$a7 л.
$d36,5х26 см
251##$cДело
300##$aДело
371##$aДокумент не является опубликованным и широко распространяемым
461#0$1001a74412a3-3cc5-4d21-8f0a-dfe2fbd9e72d
$12001
$aДепартамент народного просвещения Министерства народного просвещения
$1251
$cФонд
$1852
$j733
462#0$1001de44f274-01d8-41ba-8482-7eb0224f7e61
$12001
$aДела разряда учительских институтов, семинарий и низших учебных заведений
$1251
$cОпись
$1852
$j179
801#0$aRU
$bРГИА
$c20200325
$gRCR
801#1$aRU
$bГлавНИВЦ
$c20200325
$2rusmarc
801#2$aRU
$bПБ им. Б.Н. Ельцина
$c20201102
$gRCR
$2rusmarc
850##$aРГИА
852##$aРГИА
$eФедеральное казенное учреждение "Российский государственный исторический архив" (РГИА)
$j146
937##$hРГИА
$d12341509
$aASBIBLIO_SCAN
035##$aRusGRCC00003883
856##$uhttp://readingroom.main.prlib.ru/item.aspx?id_node=n150630980&mode=full
Формат отображения